| 000 | 00934nam a2200253 a 4500 | ||
|---|---|---|---|
| 005 | 2009072705365.0 | ||
| 008 | 020822s2002 ii a b 001 0 eng | ||
| 010 | _aENG-94563 | ||
| 020 |
_a9788120336902 _c650.00 |
||
| 035 | _aEN-78096 | ||
| 037 | _bDBAD / PUB | ||
| 040 |
_adpl _bEnglish |
||
| 082 | _a363.7 | ||
| 100 | _aWright, Richard T. | ||
| 245 |
_aEnvironmental science: _cby Richard T. Wright _btoward a sustainable future / |
||
| 250 | _a10th ed. | ||
| 260 |
_aNew Delhi _bPHI Learning _c2008 |
||
| 270 |
_aM-97 Connaught Circus _bNew Delhi _e110001 |
||
| 300 |
_axxii, 682p.: _c27cm(pbk) _bb&w photos |
||
| 500 | _aIncludes glossary and index | ||
| 650 | _aEnvironmental sciences | ||
| 942 |
_2ddc _cEN _mWRI _h363.7 |
||
| 999 |
_c28705 _d28705 |
||